<?xml version="1.0" encoding="UTF-8"?>
<record
    xmlns:xsi="http://www.w3.org/2001/XMLSchema-instance"
    xsi:schemaLocation="http://www.loc.gov/MARC21/slim http://www.loc.gov/standards/marcxml/schema/MARC21slim.xsd"
    xmlns="http://www.loc.gov/MARC21/slim">

  <leader>00782nam a2200229   4500</leader>
  <controlfield tag="001">bimo0002148227</controlfield>
  <controlfield tag="003">MX-LbUP</controlfield>
  <controlfield tag="005">20250113122649.0</controlfield>
  <controlfield tag="008">061211s2006    sp |    |     ||| ||spa  </controlfield>
  <datafield tag="020" ind1=" " ind2=" ">
    <subfield code="a">9788449319358</subfield>
  </datafield>
  <datafield tag="040" ind1=" " ind2=" ">
    <subfield code="a">SpMaBN</subfield>
    <subfield code="b">spa</subfield>
    <subfield code="c">SpMaBN</subfield>
    <subfield code="e">rdc</subfield>
    <subfield code="d">MX-LbUP</subfield>
  </datafield>
  <datafield tag="050" ind1="1" ind2="4">
    <subfield code="a">PC4410</subfield>
    <subfield code="b">C37 2006</subfield>
  </datafield>
  <datafield tag="100" ind1="1" ind2=" ">
    <subfield code="a">Cassany, Daniel</subfield>
    <subfield code="d">1961-</subfield>
    <subfield code="e">autor</subfield>
    <subfield code="9">12230</subfield>
  </datafield>
  <datafield tag="245" ind1="1" ind2="0">
    <subfield code="a">Taller de textos :</subfield>
    <subfield code="b">leer, escribir y comentar en el aula /</subfield>
    <subfield code="c">Daniel Cassany</subfield>
  </datafield>
  <datafield tag="260" ind1=" " ind2=" ">
    <subfield code="a">Barcelona, Espa&#xF1;a :</subfield>
    <subfield code="b">Paid&#xF3;s.</subfield>
    <subfield code="c">2006</subfield>
  </datafield>
  <datafield tag="300" ind1=" " ind2=" ">
    <subfield code="a">187 p&#xE1;ginas :</subfield>
    <subfield code="b">ilustraciones ;</subfield>
    <subfield code="c">23 cm.</subfield>
  </datafield>
  <datafield tag="490" ind1=" " ind2=" ">
    <subfield code="a">Papeles de pedagog&#xED;a</subfield>
    <subfield code="9">14673</subfield>
  </datafield>
  <datafield tag="500" ind1=" " ind2=" ">
    <subfield code="a">Incluye &#xED;ndice.</subfield>
  </datafield>
  <datafield tag="650" ind1=" " ind2="0">
    <subfield code="a">Espa&#xF1;ol </subfield>
    <subfield code="x">Estilo</subfield>
    <subfield code="v">Manuales</subfield>
    <subfield code="9">2095</subfield>
  </datafield>
  <datafield tag="650" ind1=" " ind2="0">
    <subfield code="a">Comunicaci&#xF3;n escrita</subfield>
    <subfield code="x">Estudio y ense&#xF1;anza</subfield>
    <subfield code="v">Manuales, etc.</subfield>
    <subfield code="9">9585</subfield>
  </datafield>
  <datafield tag="942" ind1=" " ind2=" ">
    <subfield code="2">lcc</subfield>
    <subfield code="c">LB</subfield>
  </datafield>
  <datafield tag="999" ind1=" " ind2=" ">
    <subfield code="c">7964</subfield>
    <subfield code="d">7964</subfield>
  </datafield>
  <datafield tag="952" ind1=" " ind2=" ">
    <subfield code="0">0</subfield>
    <subfield code="1">0</subfield>
    <subfield code="2">lcc</subfield>
    <subfield code="4">0</subfield>
    <subfield code="7">0</subfield>
    <subfield code="a">UNPATX</subfield>
    <subfield code="b">UNPATX</subfield>
    <subfield code="d">2023-11-24</subfield>
    <subfield code="i">TX005879</subfield>
    <subfield code="l">0</subfield>
    <subfield code="o">PC4410 C37 2006</subfield>
    <subfield code="p">TX005879</subfield>
    <subfield code="r">2023-11-24 13:53:50</subfield>
    <subfield code="t">Ej. 1</subfield>
    <subfield code="w">2023-11-24</subfield>
    <subfield code="y">LB</subfield>
  </datafield>
</record>
